000 00569nam a22001937a 4500
005 20151106122221.0
010 _aPUN-7782
020 _c130.00
035 _aPN-6900
037 _aunistar books
082 _a
100 _aਬਿਲਿੰਗ, ਅਵਤਾਰ ਸਿੰਘ
245 _aਹੋੰਸਲੇ ਬੁਲੰਦ ਰੱਖੋ
246 _ahosle buland Rakho
_bby Gursharan Singh Kumar
250 _a2011
260 _aChandigarh
_bUnistar Books
300 _aPg.96
_b22cmਸਜਿਲਦ
942 _2ddc
_cPN
_h850
_kਕੁਮਾਰ
999 _c98106
_d98106